000 00654cam a22002171 4500
001 sa 68003661
003 DLC
005 20260227112455.0
008 710903s1967 ii 00000 eng
010 _asa 68003661 //r87
025 _aPL480:I-E-8818
043 _aa-ii---
050 0 _aHD9705.I42
_bA53
082 _a338.954
110 1 0 _aIndia (Republic).
_bPlanning Group for Machinery Industries.
245 0 0 _aFourth five year plan;
_breport, April 1965.
260 0 _aNew Delhi,
_bDept. of Industry, Ministry of Industry and Supply
_c[1967]
300 _aiii, 152 p.
_c24 cm.
500 _aCover title.
650 0 _aMachinery industry
_zIndia.
999 _c79658
_d79658